La calavera de cristal / (Registro nro. 13)

Detalles MARC
000 -CABECERA
Longitud fija campo de control 00936nam a2200253 a 4500
003 - • IDENTIFICADOR DELl NÚMERO DE CONTROL
Identificador del número de control CO-ViMGA
005 - • FECHA Y HORA DE LA ÚLTIMA TRANSACCIÓN
Fecha y hora de la última transacción 20230915233555.0
008 - • CÓDIGOS DE INFORMACIÓN DE LONGITUD FIJA
Códigos de información de longitud fija 150302s2013 ck a gr 00010dspa d
020 ## - • NÚMERO INTERNACIONAL NORMALIZADO PARA LIBROS
Número Internacional Normalizado para Libros (ISBN) 9789586652483
040 ## - FUENTE DE LA CATALOGACIÓN
Centro catalogador de origen CO-ViMGA
Lengua de catalogación spa
Centro transcriptor CO-ViMGA
100 1# - • PUNTO DE ACCESO PRINCIPAL-NOMBRE DE PERSONA
Nombre de persona Villoro, Juan,
Fechas asociadas al nombre 1956-
245 13 - • TITULO PROPIAMENTE DICHO
Título La calavera de cristal /
Mención de responsabilidad, etc. Juan Villoro ; ilustraciones BEF.
300 ## - • DESCRIPCIÓN FÍSICA
Extensión 74 páginas :
Otras características físicas ilustraciones ;
Dimensiones 26 cm.
500 ## - • NOTA GENERAL
Nota general Basado en el guión de Nicolás Echevarría y Juan Villoro.
650 14 - • PUNTO DE ACCESO ADICIONAL DE MATERIA - TÉRMINO DE MATERIA
Término de materia o nombre geográfico como elemento inicial Tiras cómicas, historietas, etc.
650 14 - • PUNTO DE ACCESO ADICIONAL DE MATERIA - TÉRMINO DE MATERIA
Término de materia o nombre geográfico como elemento inicial Aventuras
Subdivisión de materia general Tiras cómicas, historietas, etc.
650 14 - • PUNTO DE ACCESO ADICIONAL DE MATERIA - TÉRMINO DE MATERIA
Término de materia o nombre geográfico como elemento inicial Misterio
Subdivisión de materia general Tiras cómicas, historietas, etc.
650 14 - • PUNTO DE ACCESO ADICIONAL DE MATERIA - TÉRMINO DE MATERIA
Término de materia o nombre geográfico como elemento inicial Novela gráfica.
700 1# - • PUNTO DE ACCESO ADICIONAL - NOMBRE DE PERSONA
Nombre de persona Fernández, Bernardo,
Fechas asociadas al nombre 1972-,
Término indicativo de función ilustrador.
942 ## - ENTRADA DE ELEMENTOS AGREGADOS (KOHA)
Fuente de clasificaión o esquema Dewey Decimal Classification
Koha [por defecto] tipo de item LIbro
Existencias
Perdido Fuente de clasificación o esquema Estado Físico No para préstamo Forma de adquisición Localización permanente Localización actual Localización en estanterías Fecha adquisición Préstamos totales Signatura completa Código de barras Fecha última consulta Número de copia Fecha del precio de reemplazo Tipo de item de Koha Renovaciones totales Fecha último préstamo Note pública
  Dewey Decimal Classification     Infantil Biblioteca Pública Dorado Biblioteca Pública Dorado Sala Infantil 03/02/2023   H VIL2 DOR02345 03/02/2023 Ej.1 03/02/2023 Libro Infantil      
        Colección Sala Infantil de Literatura Pocatil y Tilín Biblioteca Pública Departamental Eduardo Carranza - Villavicencio Biblioteca Pública Departamental Eduardo Carranza - Villavicencio Sala Infantil 07/10/2014   H VIL2 ECA22827 11/26/2024 Ej.1 11/26/2024 LIbro     16997 | 21888
  Dewey Decimal Classification     Sala Infantil Segundo Piso Biblioteca Pública Germán Arciniegas - Villavicencio Biblioteca Pública Germán Arciniegas - Villavicencio   10/05/2017 7 H VIL2 28351 04/08/2022   10/05/2017 LIbro 3 04/08/2022  
  Dewey Decimal Classification     Infantil Biblioteca Pública Guamal Biblioteca Pública Guamal Sala Infantil 02/20/2023   H VIL2 GUA001579 02/20/2023 Ej.1 02/20/2023 Libro Infantil      
  Dewey Decimal Classification     Colección General Biblioteca Pública La Macarena Biblioteca Pública La Macarena Literatura 01/15/2024   H VIL2 LM00686 01/15/2024 Ej.1 01/15/2024 LIbro      
  Dewey Decimal Classification     Infantil Biblioteca Pública Mesetas - Franco lodo Poloxi Biblioteca Pública Mesetas - Franco lodo Poloxi Sala Infantil 08/27/2025   H VIL2 ME01865 06/09/2025 Ej.1 06/09/2025 LIbro      
  Dewey Decimal Classification       Biblioteca Pública Puerto Rico Biblioteca Pública Puerto Rico Sala Infantil 08/18/2023   H VIL2 PR000001553 08/18/2023 Ej.1 08/18/2023 Libro Infantil      
  Clasificación Local Facetada     Infantil Biblioteca Pública San Juanito - Ernesto Maria Peña Romero Biblioteca Pública San Juanito - Ernesto Maria Peña Romero Sala Infantil 08/15/2025 2 H VIL2 SJU02180 02/25/2026 Ej.1 08/15/2025 LIbro   12/09/2025  









Instituto Departamental de Cultura del Meta - Red Departamental de Bibliotecas Públicas del Meta.